[Event "BRA-ch sf2"]
[Site "Brasilia"]
[Date "2018.07.20"]
[Round "4.8"]
[White "De Moraes, Daniel Cerqueira"]
[Black "Terra, Arthur Schneider"]
[Result "0-1"]
[WhiteElo "1483"]
[BlackElo "1647"]
[PlyCount "74"]
[EventDate "2018.07.20"]
[EventType "swiss"]
[EventRounds "5"]
[EventCountry "BRA"]
[SourceTitle "EXT 2022"]
[Source "ChessBase"]
[SourceDate "2021.10.06"]
[SourceVersion "1"]
[SourceVersionDate "2021.10.06"]
[SourceQuality "1"]

1. e4 d5 2. e5 c5 3. c3 Nc6 4. f4 e6 5. Nf3 Nge7 6. d4 Ng6 7. Bd3 Nh4 8. Nbd2 Nxg2+ 9. Kf2 Nxf4 10. Bc2 Ng6 11. Nf1 Be7 12. Be3 b6 13. Qd2 Bb7 14. Rg1 Qc7 15. Ng3 0-0-0 16. Nh5 Rhg8 17. Rg2 Rde8 18. Rag1 Bd8 19. Ke2 Ba6+ 20. Kd1 cxd4 21. cxd4 Na5 22. b3 Nc6 23. Bxg6 hxg6 24. Nf4 Be7 25. Nd3 Kb8 26. h4 Bf8 27. Rf2 Be7 28. Rfg2 Bf8 29. Rf2 Rh8 30. Rg4 Bxd3 31. Qxd3 Rc8 32. Bd2 Nb4 33. Bxb4 Bxb4 34. Qb1 Rh5 35. Rf1 Rf5 36. h5 Rxh5 37. Ng5 Qc3 0-1

[Event "BRA-ch sf2"]
[Site "Brasilia"]
[Date "2018.07.20"]
[Round "2.11"]
[White "Xavier, Gabriel Vaz da Cost"]
[Black "Terra, Arthur Schneider"]
[Result "1/2-1/2"]
[WhiteElo "1383"]
[BlackElo "1647"]
[PlyCount "61"]
[EventDate "2018.07.20"]
[EventType "swiss"]
[EventRounds "5"]
[EventCountry "BRA"]
[SourceTitle "EXT 2022"]
[Source "ChessBase"]
[SourceDate "2021.10.06"]
[SourceVersion "1"]
[SourceVersionDate "2021.10.06"]
[SourceQuality "1"]

1. d4 Nf6 2. c4 e5 3. dxe5 Ne4 4. Qc2 Bb4+ 5. Nd2 Nxd2 6. Bxd2 Qe7 7. Nf3 Nc6 8. 0-0-0 Bxd2+ 9. Qxd2 Nxe5 10. Nxe5 Qxe5 11. Qd5 Qxd5 12. cxd5 d6 13. e4 0-0 14. f3 Bd7 15. Kd2 f5 16. Ke3 fxe4 17. fxe4 Rfe8 18. Bd3 Re5 19. Rhf1 Rf8 20. Rxf8+ Kxf8 21. Rc1 c6 22. dxc6 Bxc6 23. Rc4 Ke7 24. Rd4 Bb5 25. Bxb5 Rxb5 26. Rd2 Rc5 27. Rd5 Ke6 28. Rxc5 dxc5 29. Kf4 c4 30. e5 g5+ 31. Ke4 1/2-1/2

[Event "BRA-ch sf1"]
[Site "Brasilia"]
[Date "2018.06.15"]
[Round "1.4"]
[White "Terra, Arthur Schneider"]
[Black "Maciel, Diogo Alves"]
[Result "1/2-1/2"]
[WhiteElo "1628"]
[BlackElo "1963"]
[PlyCount "50"]
[EventDate "2018.06.15"]
[EventType "swiss"]
[EventRounds "5"]
[EventCountry "BRA"]
[SourceTitle "EXT 2022"]
[Source "ChessBase"]
[SourceDate "2021.10.06"]
[SourceVersion "1"]
[SourceVersionDate "2021.10.06"]
[SourceQuality "1"]

1. d4 Nf6 2. c4 g6 3. Nc3 Bg7 4. e4 d6 5. f4 0-0 6. Nf3 c5 7. d5 Na6 8. Be2 Bg4 9. 0-0 Nc7 10. Be3 a6 11. h3 Bxf3 12. Bxf3 b5 13. Qe2 Rb8 14. Rab1 Nd7 15. g4 Rb6 16. Rfc1 Qb8 17. b3 bxc4 18. bxc4 Bd4 19. Rxb6 Qxb6 20. Qd2 Qa7 21. Ne2 Bg7 22. Qc2 Rb8 23. Rb1 Rb6 24. Bd2 g5 25. Rxb6 Qxb6 1/2-1/2

[Event "Florianopolis op 4th"]
[Site "Florianopolis"]
[Date "2018.01.22"]
[Round "6"]
[White "Terra, Arthur Schneider"]
[Black "De Haro, Martim Alfonso"]
[Result "0-1"]
[WhiteElo "1497"]
[BlackElo "1898"]
[PlyCount "62"]
[EventDate "2018.01.19"]
[EventType "swiss"]
[EventRounds "10"]
[EventCountry "BRA"]
[SourceTitle "EXT 2019"]
[Source "ChessBase"]
[SourceDate "2018.10.10"]
[SourceVersion "1"]
[SourceVersionDate "2018.10.10"]
[SourceQuality "1"]

1. d4 Nf6 2. c4 g6 3. Nc3 d5 4. Nf3 Bg7 5. cxd5 Nxd5 6. e4 Nxc3 7. bxc3 c5 8. Be3 Nc6 9. Bb5 Qa5 10. Bxc6+ bxc6 11. Qd2 Ba6 12. Ne5 cxd4 13. cxd4 Qxd2+ 14. Bxd2 c5 15. Bc3 cxd4 16. Bxd4 Rd8 17. Rd1 Rxd4 18. Rxd4 Bxe5 19. Ra4 Bb5 20. Rxa7 0-0 21. Rxe7 Bc3+ 22. Kd1 Rd8+ 23. Kc2 Bb4 24. Rb7 Ba4+ 25. Kb1 Ba3 26. f3 Rd2 27. g4 Bc2+ 28. Ka1 Bc5 29. Rb2 Bd4 30. h4 Bd3 31. a3 Rxb2 0-1

[Event "Florianopolis op 4th"]
[Site "Florianopolis"]
[Date "2018.01.21"]
[Round "4"]
[White "Terra, Arthur Schneider"]
[Black "Japiassu, Ricardo de Villa No"]
[Result "0-1"]
[WhiteElo "1497"]
[BlackElo "1981"]
[PlyCount "104"]
[EventDate "2018.01.19"]
[EventType "swiss"]
[EventRounds "10"]
[EventCountry "BRA"]
[SourceTitle "EXT 2019"]
[Source "ChessBase"]
[SourceDate "2018.10.10"]
[SourceVersion "1"]
[SourceVersionDate "2018.10.10"]
[SourceQuality "1"]

1. e4 c5 2. Nf3 d6 3. d4 cxd4 4. Nxd4 Nf6 5. Nc3 g6 6. f3 Bg7 7. Be3 0-0 8. Be2 Nc6 9. Qd2 Bd7 10. 0-0-0 Nxd4 11. Bxd4 Be6 12. Kb1 Qc7 13. a3 Rfc8 14. Nb5 Qb8 15. g4 a6 16. Nc3 b5 17. g5 Nh5 18. Bxg7 Nxg7 19. Nd5 Bxd5 20. Qxd5 b4 21. axb4 Qxb4 22. Rd3 Qc5 23. Qxc5 Rxc5 24. h4 Ne6 25. Rh2 Nf4 26. Ra3 a5 27. b4 Rb8 28. b5 Nxe2 29. Rxe2 Rcxb5+ 30. Kc1 Rb1+ 31. Kd2 R8b5 32. Re1 Rxe1 33. Kxe1 Kf8 34. Kf2 Rc5 35. Kg3 Ke8 36. c4 Kd7 37. Ra4 Kc6 38. f4 e6 39. Kg4 d5 40. cxd5+ exd5 41. exd5+ Rxd5 42. Re4 h5+ 43. gxh6 f5+ 44. Kg5 fxe4+ 45. Kxg6 e3 46. h7 Rd8 47. f5 e2 48. Kg7 e1Q 49. f6 Qg3+ 50. Kh6 Qxh4+ 51. Kg7 Rd7+ 52. f7 Rxf7+ 0-1

[Event "Florianopolis op 4th"]
[Site "Florianopolis"]
[Date "2018.01.20"]
[Round "2"]
[White "Terra, Arthur Schneider"]
[Black "Boabaid, Jorge Alberto Duard"]
[Result "0-1"]
[WhiteElo "1497"]
[BlackElo "1835"]
[PlyCount "112"]
[EventDate "2018.01.19"]
[EventType "swiss"]
[EventRounds "10"]
[EventCountry "BRA"]
[SourceTitle "CBM 182 Extra"]
[Source "ChessBase"]
[SourceDate "2018.02.23"]
[SourceVersion "1"]
[SourceVersionDate "2018.02.23"]
[SourceQuality "1"]

1. d4 Nf6 2. c4 e6 3. Nc3 d5 4. Nf3 Be7 5. Bf4 0-0 6. e3 c6 7. cxd5 cxd5 8. Bd3 h6 9. h3 b6 10. 0-0 Ba6 11. a3 Bxd3 12. Qxd3 Nc6 13. Rac1 Rc8 14. Nd2 Qd7 15. Kh1 Na5 16. Rc2 Nc4 17. Rfc1 b5 18. Na2 a5 19. f3 Rfd8 20. g4 Nh7 21. Kg2 f6 22. Bg3 e5 23. dxe5 fxe5 24. Nxc4 bxc4 25. Qc3 d4 26. Qxa5 Rc5 27. Qe1 Ng5 28. exd4 exd4 29. h4 d3 30. Rd2 Re8 31. Qf1 Ne6 32. Nc3 Nd4 33. Re1 Nc2 34. Re4 Bf6 35. Qf2 Bd4 36. Rxd4 Qxd4 37. Qxd4 Nxd4 38. Ne4 Rc6 39. Bf2 Nb3 40. Rd1 Rd8 41. Be1 d2 42. Bg3 Nc5 43. Rxd2 Rxd2+ 44. Nxd2 Nd3 45. Kf1 Nxb2 46. Bf4 c3 47. Nb3 Rf6 48. Be5 Rxf3+ 49. Ke2 Rh3 50. g5 hxg5 51. hxg5 Kf7 52. Nc5 Nc4 53. Bf4 Nxa3 54. Nb3 c2 55. Kd2 Rxb3 56. Ke2 Rb1 0-1

[Event "Brasilia IRT Marista U2300"]
[Site "Brasilia"]
[Date "2017.08.12"]
[Round "2.2"]
[White "Felix, Raimundo Nascimento"]
[Black "Terra, Arthur Schneider"]
[Result "1-0"]
[WhiteElo "1842"]
[BlackElo "1492"]
[PlyCount "59"]
[EventDate "2017.08.12"]
[EventType "swiss"]
[EventRounds "5"]
[EventCountry "BRA"]
[SourceTitle "EXT 2022"]
[Source "ChessBase"]
[SourceDate "2021.10.06"]
[SourceVersion "1"]
[SourceVersionDate "2021.10.06"]
[SourceQuality "1"]

1. e4 c5 2. Nc3 d6 3. f4 Nf6 4. Bc4 e6 5. Qe2 a6 6. a4 Be7 7. Nf3 Nc6 8. d3 0-0 9. e5 dxe5 10. fxe5 Nd5 11. 0-0 b6 12. Ne4 Bb7 13. Bg5 Bxg5 14. Nexg5 Nd4 15. Qf2 Nxf3+ 16. Nxf3 h6 17. Rae1 Ne7 18. Nd2 Nf5 19. Ne4 Bd5 20. g4 Bxc4 21. gxf5 Bxd3 22. cxd3 Qxd3 23. f6 Qd4 24. fxg7 Kxg7 25. Nf6 Rad8 26. Re3 Rh8 27. Ne4 Rhg8 28. Nf6 Rh8 29. Nh5+ Kf8 30. Qxf7# 1-0

[Event "Brasilia Viva op"]
[Site "Brasilia"]
[Date "2017.04.30"]
[Round "4"]
[White "Terra, Arthur Schneider"]
[Black "Kozak, Dalton Demetrio"]
[Result "0-1"]
[WhiteElo "1426"]
[BlackElo "1898"]
[PlyCount "60"]
[EventDate "2017.04.28"]
[EventType "swiss"]
[EventRounds "7"]
[EventCountry "BRA"]
[SourceTitle "CBM 178 Extra"]
[Source "ChessBase"]
[SourceDate "2017.06.22"]
[SourceVersion "1"]
[SourceVersionDate "2017.06.22"]
[SourceQuality "1"]

1. d4 d5 2. c4 Nc6 3. Nf3 Bg4 4. e3 e5 5. Be2 dxc4 6. Nc3 Bb4 7. 0-0 exd4 8. Nxd4 Bxe2 9. Ndxe2 Nge7 10. a3 Bxc3 11. Nxc3 Qd3 12. Qg4 Ne5 13. Qh5 N7c6 14. e4 0-0-0 15. Bf4 g6 16. Qd1 f5 17. Bxe5 Nxe5 18. exf5 Qxf5 19. Qa4 a6 20. Nd1 Rd4 21. Ne3 Qg5 22. Kh1 Qh4 23. Qc2 Rhd8 24. Rad1 Nd3 25. g3 Qe4+ 26. Kg1 Qf3 27. h3 Kb8 28. Qd2 Nf4 29. Qxd4 Rxd4 30. Rxd4 Ne2+ 0-1

[Event "Brasilia Viva op"]
[Site "Brasilia"]
[Date "2017.04.28"]
[Round "1"]
[White "De Andrade, Francisco Edmundo"]
[Black "Terra, Arthur Schneider"]
[Result "1-0"]
[WhiteElo "1890"]
[BlackElo "1426"]
[PlyCount "131"]
[EventDate "2017.04.28"]
[EventType "swiss"]
[EventRounds "7"]
[EventCountry "BRA"]
[SourceTitle "CBM 178 Extra"]
[Source "ChessBase"]
[SourceDate "2017.06.22"]
[SourceVersion "1"]
[SourceVersionDate "2017.06.22"]
[SourceQuality "1"]

1. d4 d5 2. Bf4 Nf6 3. e3 e6 4. Nf3 b6 5. Nbd2 Bb7 6. c3 Nbd7 7. Bb5 c6 8. Bd3 Be7 9. Qc2 Nf8 10. Bg3 Bd6 11. Ne5 Nh5 12. f4 Bxe5 13. dxe5 Nxg3 14. hxg3 g6 15. Nf3 a6 16. 0-0-0 Qc7 17. Kb1 Nd7 18. Ng5 Nc5 19. Rxh7 Rxh7 20. Nxh7 0-0-0 21. Nf6 Nxd3 22. Qxd3 c5 23. b4 Kb8 24. g4 Ka7 25. Rd2 Bc6 26. a3 Bb5 27. Qc2 cxb4 28. cxb4 Qxc2+ 29. Kxc2 Rc8+ 30. Kb2 Kb7 31. e4 dxe4 32. Nxe4 Rc7 33. Nd6+ Kb8 34. g3 Rd7 35. Rc2 Bd3 36. Rc8+ Ka7 37. Rf8 Be2 38. g5 Bg4 39. Rxf7 Rxf7 40. Nxf7 Kb7 41. Kc3 Kc6 42. Nh6 Bf3 43. g4 Kd5 44. f5 exf5 45. gxf5 gxf5 46. g6 Kc6 47. g7 Bd5 48. g8Q Bxg8 49. Nxg8 Kd5 50. e6 Kxe6 51. Kd4 Kd6 52. Nh6 f4 53. Nf5+ Kc6 54. Kc4 Kc7 55. Nd4 Kd6 56. a4 Kd7 57. Kd5 Kc7 58. Ne6+ Kb7 59. Nxf4 Ka7 60. Kc6 a5 61. b5 Ka8 62. Kxb6 Kb8 63. Kxa5 Ka7 64. b6+ Kb7 65. Ne6 Ka8 66. Ka6 1-0

[Event "BRA-ch U12"]
[Site "Brasilia"]
[Date "2017.04.22"]
[Round "4.12"]
[White "De Rezende, Fernando Alencar"]
[Black "Terra, Arthur Schneider"]
[Result "1/2-1/2"]
[WhiteElo "1434"]
[BlackElo "1426"]
[PlyCount "65"]
[EventDate "2017.04.21"]
[EventType "swiss"]
[EventRounds "6"]
[EventCountry "BRA"]
[SourceTitle "EXT 2022"]
[Source "ChessBase"]
[SourceDate "2021.10.06"]
[SourceVersion "1"]
[SourceVersionDate "2021.10.06"]
[SourceQuality "1"]

1. e4 c5 2. Nf3 d6 3. d4 cxd4 4. Nxd4 Nf6 5. Nc3 a6 6. Bg5 Nbd7 7. Bc4 b5 8. Bb3 Bb7 9. Qe2 e6 10. 0-0-0 Be7 11. Nf3 Qc7 12. Rhe1 b4 13. Nb1 Bxe4 14. Nbd2 Bg6 15. Nh4 Bh5 16. f3 h6 17. Bxf6 Nxf6 18. g4 Nh7 19. gxh5 Bxh4 20. Qe4 Bxe1 21. Qxa8+ Qd8 22. Ba4+ Ke7 23. Qb7+ Kf8 24. Rxe1 Nf6 25. Ne4 Kg8 26. Nxf6+ Qxf6 27. Kb1 Qh4 28. Rd1 Qxh2 29. Qxa6 Qxh5 30. Qxd6 Qxf3 31. Qd8+ Kh7 32. Qd3+ Qxd3 33. Rxd3 1/2-1/2

[Event "Brasilia Terraviva op"]
[Site "Brasilia"]
[Date "2017.01.07"]
[Round "3"]
[White "De Paula, Leonardo Morais"]
[Black "Terra, Arthur Schneider"]
[Result "1-0"]
[WhiteElo "1746"]
[BlackElo "1429"]
[PlyCount "61"]
[EventDate "2017.01.06"]
[EventType "swiss"]
[EventRounds "6"]
[EventCountry "BRA"]
[SourceTitle "CBM 176 Extra"]
[Source "ChessBase"]
[SourceDate "2017.03.02"]
[SourceVersion "1"]
[SourceVersionDate "2017.03.02"]
[SourceQuality "1"]

1. d4 d5 2. c4 e6 3. Nc3 Nf6 4. Bg5 Be7 5. e3 h6 6. Bh4 c6 7. Nf3 0-0 8. Bd3 Nbd7 9. 0-0 dxc4 10. Bxc4 Nb6 11. Bb3 a5 12. Qd3 Nbd5 13. a3 Re8 14. Bc2 g6 15. Ne5 Kf8 16. Nxf7 Kxf7 17. Qxg6+ Kf8 18. Qxh6+ Kg8 19. Nxd5 exd5 20. Bxf6 Bxf6 21. Bh7+ Kf7 22. Bg6+ Ke7 23. Qh7+ Kd6 24. Bxe8 Qxe8 25. Rfe1 Bd7 26. Qh6 Qe7 27. Qf4+ Ke6 28. e4 Qg7 29. Qf5+ Kd6 30. e5+ Kc7 31. Qxf6 1-0

[Event "Brasilia Terraviva op"]
[Site "Brasilia"]
[Date "2017.01.07"]
[Round "4"]
[White "Lobo, Pedro Aluizio de Ab"]
[Black "Terra, Arthur Schneider"]
[Result "1/2-1/2"]
[WhiteElo "1612"]
[BlackElo "1429"]
[PlyCount "53"]
[EventDate "2017.01.06"]
[EventType "swiss"]
[EventRounds "6"]
[EventCountry "BRA"]
[SourceTitle "CBM 176 Extra"]
[Source "ChessBase"]
[SourceDate "2017.03.02"]
[SourceVersion "1"]
[SourceVersionDate "2017.03.02"]
[SourceQuality "1"]

1. e4 c5 2. Nf3 d6 3. d4 cxd4 4. Nxd4 Nf6 5. Nc3 a6 6. Bg5 e5 7. Nb3 Be7 8. Qd2 Nbd7 9. Be2 h6 10. Bxf6 Nxf6 11. h3 Qc7 12. a4 0-0 13. 0-0 Be6 14. Nd5 Nxd5 15. exd5 Bf5 16. c4 Bg5 17. Qc3 Rac8 18. Qa5 Bc2 19. Qc3 Bf5 20. Nd2 Bf6 21. Qf3 Bg6 22. Bd3 Bxd3 23. Qxd3 Bg5 24. b3 f5 25. Ra2 Qb6 26. Qb1 e4 27. Kh1 1/2-1/2

[Event "Brasilia IRT Mearas U2200 I"]
[Site "Brasilia"]
[Date "2015.12.06"]
[Round "4.6"]
[White "Terra, Arthur Schneider"]
[Black "Terra, Enzo Schneider"]
[Result "1-0"]
[WhiteElo "1753"]
[BlackElo "1670"]
[PlyCount "91"]
[EventDate "2015.12.05"]
[EventType "swiss"]
[EventRounds "5"]
[EventCountry "BRA"]
[SourceTitle "EXT 2022"]
[Source "ChessBase"]
[SourceDate "2021.10.06"]
[SourceVersion "1"]
[SourceVersionDate "2021.10.06"]
[SourceQuality "1"]

1. d4 d5 2. c4 Nf6 3. Nc3 dxc4 4. e4 Bg4 5. Nf3 Nc6 6. Bxc4 e6 7. 0-0 Bb4 8. Qb3 0-0 9. d5 exd5 10. exd5 Na5 11. Qxb4 Nxc4 12. Qxc4 Qe8 13. Re1 Qd7 14. Ne5 Qc8 15. Nxg4 Nxg4 16. h3 Nf6 17. Bf4 c5 18. Ne4 b6 19. Nxf6+ gxf6 20. Bh6 Rd8 21. Qh4 Qf5 22. Qg4+ Qxg4 23. hxg4 Re8 24. Rxe8+ Rxe8 25. d6 Rd8 26. Rd1 a6 27. d7 b5 28. Bf4 Kf8 29. Bd6+ Kg7 30. Be7 Rxd7 31. Rxd7 Kg6 32. Bxc5 a5 33. Bd4 f5 34. Rd6+ Kg5 35. Rd7 Kg6 36. gxf5+ Kxf5 37. Rxf7+ Kg6 38. Rg7+ Kh6 39. f4 b4 40. f5 a4 41. f6 b3 42. a3 Kh5 43. f7 Kh4 44. f8Q h6 45. Bf2+ Kh5 46. Qf7# 1-0

[Event "Brasilia IRT Mearas U2200 I"]
[Site "Brasilia"]
[Date "2015.12.05"]
[Round "1.1"]
[White "Campos, Westerley Batista"]
[Black "Terra, Arthur Schneider"]
[Result "1-0"]
[WhiteElo "1722"]
[BlackElo "1753"]
[PlyCount "37"]
[EventDate "2015.12.05"]
[EventType "swiss"]
[EventRounds "5"]
[EventCountry "BRA"]
[SourceTitle "EXT 2022"]
[Source "ChessBase"]
[SourceDate "2021.10.06"]
[SourceVersion "1"]
[SourceVersionDate "2021.10.06"]
[SourceQuality "1"]

1. c4 Nf6 2. Nf3 g6 3. Nc3 Nc6 4. g3 Bg7 5. Bg2 0-0 6. e4 e5 7. 0-0 d6 8. d3 Bg4 9. h3 Bxf3 10. Bxf3 Nd4 11. Bg2 Ne6 12. Be3 c5 13. Qd2 Nd4 14. f4 Qe7 15. g4 h6 16. g5 Nh5 17. f5 f6 18. gxh6 Bh8 19. fxg6 1-0